000 00640nam a2200205Ia 4500
005 20241216011302.0
008 190429s9999||||xx |||||||||||||| ||und||
082 _a669
_bD36
100 _aDE LA TORRE SILVESTRE VALERIO
245 0 _aPLANEAMIENTO PARA UN ANTEPROYECTO DE CONSTRUCCION DE UNA PLATNA SIDERURGICA
250 _a0
260 _aCERRO DE PASCO-PERU
_bUNDAC
_c1982
300 _a311 pag.
_c30 cm.
341 _h0
490 _v0
_a0
505 _aPLANEAMIENTO/FASES/PROGRAMACION/PLANTA/DISTRIBUCION/METODO R
541 _aD
_bDE LA TORRE SILVESTRE, V.
_d21-Mar-03
_oSoles
650 _aIngenieria Metalurgica
942 _cTESIS
999 _c37718
_d37718